Pays du monde - Mort subite - Niveau moyen - Statistiques

Statistiques générales
  • Ce quiz a été pris 741 fois
  • Le résultat moyen est 19 sur 23
Answers on the Grid
Answers color-coded by a green-red scale on the quiz's grid according to % correct below.
Andalousie
Sri Lanka
Liechtenstein
Mongolie
Sardaigne
Chypre
Géorgie
Manille
Sierra Leone
Brunei
Antananarivo
Bhoutan
Vatican
Vanuatu
Antigua-et-Barbuda
Tchétchénie
Cap-Vert
Tchécoslovaquie
Terre Adélie
Saint-Pierre-et-Miquelon
Biélorussie
Ouagadougou
Arménie
Cuba
Fidji
Guinée-Bissau
Tonga
Koweït
Maldives
Numbani
Maurice
Crimée
Saint-Christophe-et-Niévès
Trinité-et-Tobago
Maghreb
 
Statistiques - réponses
Réponse % Correct
Chypre
95%
Sri Lanka
95%
Géorgie
94%
Liechtenstein
94%
Mongolie
92%
Vatican
91%
Bhoutan
88%
Sierra Leone
86%
Cap-Vert
85%
Brunei
84%
Antigua-et-Barbuda
82%
Biélorussie
81%
Arménie
80%
Cuba
80%
Koweït
79%
Vanuatu
79%
Guinée-Bissau
78%
Fidji
77%
Maldives
75%
Trinité-et-Tobago
75%
Maurice
74%
Tonga
73%
Saint-Christophe-et-Niévès
70%
Aucun quiz correspondant
Distribution des résultats
% des personnes avec chaque résultat
Percentile par nombre de réponses
Votre historique - résultats
Vous n’avez pas pris ce quiz